Dervishes and Islam in Bosnia : sufi dimensions to the formation of Bosnian Muslim society /
In Dervishes and Islam in Bosnia , Ines Aščerić-Todd explores the involvement of Sufi orders in the formation of Muslim society in the first two centuries of Ottoman rule in Bosnia (15th - 16th centuries C.E.). Using a wide range of primary sources, Aščerić-Todd shows that Sufi traditions and the ac...
Main Author:
Format: eBook
Language: English
Published:
Leiden ; Boston :
Brill,
[2015]
Series:
The Ottoman Empire and its Heritage
58.
Middle East and Islamic Studies E-Books Online, Collection 2015, ISBN: 9789004287464.
Subjects:
Online Access: Login to view Source
Tags: Add Tag
Call Number: BP188.8.B54 A83 2015
| LEADER | 03461nam a2200565 i 4500 | ||
|---|---|---|---|
| 001 | BRILL9789004288447 | ||
| 003 | nllekb | ||
| 005 | 20211118221514.0 | ||
| 006 | m d | ||
| 007 | cr un uuuua | ||
| 008 | 141212s2015 ne sb 001 0 eng d | ||
| 010 | |a 2014045295 | ||
| 020 | |a 9789004288447 |q (electronic book) | ||
| 020 | |z 9789004278219 |q (print) | ||
| 024 | 7 | |a 10.1163/9789004288447 |2 DOI | |
| 035 | |a (OCoLC)898113406 |z (OCoLC)903598883 | ||
| 040 | |a NL-LeKB |c NL-LeKB |e rda | ||
| 043 | |a e-bn--- | ||
| 050 | 4 | |a BP188.8.B54 |b A83 2015 | |
| 072 | 7 | |a BP |2 lcco | |
| 072 | 7 | |a HBJF1 |2 bicssc | |
| 072 | 7 | |a HIS026000 |2 bisacsh | |
| 082 | 0 | 4 | |a 297.40949742 |2 23 |
| 100 | 1 | |a Aščerić-Todd, Ines. | |
| 245 | 1 | 0 | |a Dervishes and Islam in Bosnia : |b sufi dimensions to the formation of Bosnian Muslim society / |c by Ines Aščerić-Todd. |
| 264 | 1 | |a Leiden ; |a Boston : |b Brill, |c [2015] | |
| 300 | |a 1 online resource (xii, 198 pages) : |b illustrations (mostly color), map. | ||
| 336 | |a text |b txt |2 rdacontent | ||
| 337 | |a computer |b c |2 rdamedia | ||
| 338 | |a online resource |2 rdacarrier | ||
| 490 | 1 | |a The Ottoman Empire and its heritage: politics, society, and economy, |x 1380-6076 ; |v v. 58 | |
| 504 | |a Includes bibliographical references (p. 183-193) and index. | ||
| 505 | 0 | 0 | |a Preliminary Material -- Introduction -- 1 Dervishes and the Ottoman Conquest of Bosnia -- 2 The Earliest Tekkes in Bosnia -- 3 Dervishes as Founders of Bosnian Towns -- 4 Akhis, Dervish Orders and the Religious Character of Bosnian Guilds -- 5 Futuwwa Documents: Fütüvvetnames, Secerenames and Pirnames -- 6 Guild Punishments, Ceremonies and Festivities -- 7 The Akhi-Baba -- 8 The Guilds and the State -- 9 The Guilds and the Islamisation Process -- 10 The Heyday and End of the Hamzevi Movement -- 11 The Foundations of the Hamzevi Order: Hamza-Dede's Tekke and Islamisation in the Tuzla Region -- Conclusion -- Bibliography -- Index. |
| 506 | |a Available to subscribing member institutions only. | ||
| 520 | |a In Dervishes and Islam in Bosnia , Ines Aščerić-Todd explores the involvement of Sufi orders in the formation of Muslim society in the first two centuries of Ottoman rule in Bosnia (15th - 16th centuries C.E.). Using a wide range of primary sources, Aščerić-Todd shows that Sufi traditions and the activities of dervish orders were at the heart of the religious, cultural, socio-economic and political dynamics in Bosnia in the period which witnessed the emergence of Bosnian Muslim society and the most intensive phase of conversions of the Bosnian population to Islam. In the process, she also challenges some of the established views regarding Ottoman guilds and the subject of futuwwa (Sufi code of honour). | ||
| 648 | 7 | |a 1463 - 1878 |2 fast | |
| 650 | 0 | |a Sufism |z Bosnia and Herzegovina |x History. | |
| 650 | 7 | |a Islam. |2 fast | |
| 650 | 7 | |a Sufism. |2 fast | |
| 651 | 0 | |a Bosnia and Herzegovina |x History |y 1463-1878. | |
| 651 | 7 | |a Bosnia and Herzegovina. |2 fast | |
| 655 | 7 | |a History. |2 fast | |
| 776 | 0 | |z 9789004288447 | |
| 776 | 0 | |w (GyWOH)har150091302 | |
| 830 | 0 | |a The Ottoman Empire and its Heritage |v 58. | |
| 830 | 0 | |a Middle East and Islamic Studies E-Books Online, Collection 2015, ISBN: 9789004287464. | |
| 856 | 4 | |z DOI: |u http://dx.doi.org/10.1163/9789004288447 | |
| 942 | |2 lcc |c EBOOK | ||
| 952 | |0 0 |1 0 |2 lcc |4 0 |7 1 |9 22377 |a BRILL |b BRILL |d 2021-11-18 |l 0 |r 2021-11-18 00:00:00 |w 2021-11-18 |y EBOOK | ||
| 999 | |c 39851 |d 39851 | ||
